000 00606nam a2200193Ia 4500
003 GCL
008 140319s9999 xx 000 0 ara d
040 _aGCL /
_cGCL
082 0 4 _a791.437
_bم ف
100 1 _aوداد عبد الله
245 1 0 _aفن الفرجة على الافلام /
_cوداد عبد الله
700 1 _aم. بوجز, جوزيف
300 _a355 ص
490 _aالالف كتاب الثانى
_v0
650 0 4 _aالافلام السينمائية
650 0 4 _aالافلام
650 0 4 _aالافلام السينمائية - تاريخ ونقد
942 _2ddc
_cBK
999 _c44243
_d44243